Normale Ansicht MARC-Ansicht ISBD

Chazary : (Titelsatznr. 43973)

[ MARC ]
MARC-Details
000 -Satzkennung
Kontrollfeld mit fester Länge 00540nac a22002051ca4500
001 - Kontrollnummer
Kontrollfeld a987666551
008 - Feld mit fester Länge zur physischen Beschreibung - Allgemeine Angaben
Kontrollfeld mit fester Länge 170707s2010 gw |||| 000u rus d
041 ## - Sprachcode
Sprachcode des Textes/der Tonspur oder des separaten Titels rus
040 ## - Katalogisierungsquelle
Übertragungsstelle RU-10907106
003 - Kontrollnummer Identifier
Kontrollfeld RU-10907106
100 1# - Haupteintragung - Personenname
Personenname Manjagin, Vjačeslav G.
Koha-Normdatenidentnummer 10088
245 00 - Titel
Titel Chazary :
Zusatz zum Titel tainstvennyj sled v russkoj istorii
264 ## - Produktion, Veröffentlichung, Distribution, Herstellung und Urheberrechtsvermerk
Herstellungs-, Veröffentlichungs- Vertriebs-, Erzeugungsort Moskva :
Produzent, Herausgeber, Distributor, Hersteller Algoritm [u.a.],
Datum der Herstellung, der Veröffentlichung, des Vertriebs oder des Urheberschutzvermerks 2010
300 ## - Physische Beschreibung
Umfang 336 S.
490 #0 - Gesamttitelangabe
Gesamttitelangabe Slavnaja Rus'
520 ## - Fußnote zu Zusammenfassungen usw.
Fußnote zur Zusammenfassung usw. Die Vorlage enthält insgesamt 3 Werke
650 #0 - Nebeneintragung unter einem Schlagwort - Sachschlagwort
Sachschlagwort oder geografischer Name als Eintragungselement Chasaren
Koha-Normdatenidentnummer 14582
942 ## - Zusätzliche Felder (Koha)
Koha-Medientyp Monographien
Exemplare
Ausgeschieden Verloren Klassifikation oder Aufstellungssystematik Beschädigt Nicht entleihbar Heimatbibliothek Aufenthaltsbibliothek Aufstellungsort Erwerbungsdatum Inventarnummer Signatur Barcode Letzte Aktivität Preis gültig von Koha-Medientyp
    Andere/Generische Klassifikation     MWN Osteuropa MWN Osteuropa Magazin - 2 07/07/2017 10-01811 R 20 o Chasar 5 E0040150790C2682 23/02/2021 22/03/2021 Monographien